[Event "2nd League CS-West 2010"]
[Site "?"]
[Date "2010.09.12"]
[Round "?"]
[White "Zivkovic, Sava"]
[Black "Trpkovic, Miroljub"]
[Result "1-0"]
[WhiteElo "2251"]
[BlackElo "2033"]
[PlyCount "80"]
[EventDate "2010.09.29"]
[SourceDate "2010.09.29"]

1. e4 c5 2. Nf3 Nc6 3. d4 cxd4 4. Nxd4 d6 5. Nc3 g6 6. Be3 Bg7 7. Bc4 Nf6 8. f3
Nd7 9. Bb3 a6 10. h4 h5 11. Qd2 Na5 12. Nd5 Nc6 13. O-O-O a5 14. Ba4 Nxd4 15.
Bxd4 Bxd4 16. Qxd4 O-O 17. Bxd7 Bxd7 18. g4 hxg4 19. h5 e5 20. Qe3 g5 21. Nb6
Qe7 22. Nxa8 Rxa8 23. fxg4 Rc8 24. h6 Kh7 25. Qd2 Rc6 26. Rhg1 f6 27. Qxa5 Be6
28. a3 Qd7 29. Rdf1 Rc5 30. Qd2 Qe7 31. Qf2 Kg6 32. h7 Rc8 33. Rh1 Rh8 34. Qh2
Bc4 35. Rf3 d5 36. Qh6+ Kf7 37. Qxg5 dxe4 38. Qh5+ Kf8 39. Rc3 Be6 40. Qh6+ Ke8
1-0

[Event "2nd League CS-West 2010"]
[Site "?"]
[Date "2010.09.12"]
[Round "?"]
[White "Zivkovic, Dejan"]
[Black "Mircic, Ivan"]
[Result "1/2-1/2"]
[WhiteElo "2281"]
[BlackElo "2245"]
[PlyCount "23"]
[EventDate "2010.09.29"]
[SourceDate "2010.09.29"]

1. d4 d5 2. Nf3 e6 3. e3 Nf6 4. Bd3 Bd6 5. b3 O-O 6. Bb2 b6 7. Nbd2 Bb7 8. O-O
Nbd7 9. Ne5 Ne4 10. f4 f5 11. Nxe4 fxe4 12. Bb5 1/2-1/2

[Event "2nd League CS-West 2010"]
[Site "?"]
[Date "2010.09.12"]
[Round "?"]
[White "Rancic, Zoran"]
[Black "Savic, Dragan"]
[Result "0-1"]
[WhiteElo "2177"]
[BlackElo "2148"]
[PlyCount "118"]
[EventDate "2010.09.29"]
[SourceDate "2010.09.29"]

1. d4 Nf6 2. Nf3 e6 3. c4 d5 4. Nc3 Nbd7 5. Bg5 c6 6. e3 Qa5 7. Bxf6 Nxf6 8.
Nd2 Bb4 9. Qc2 O-O 10. Bd3 Re8 11. O-O e5 12. Nb3 Qd8 13. cxd5 Bxc3 14. bxc3
cxd5 15. c4 e4 16. Be2 dxc4 17. Qxc4 Be6 18. Qb5 b6 19. Rfc1 Nd5 20. Nd2 a6 21.
Qb2 Bd7 22. a4 a5 23. Qb1 Qh4 24. Bb5 Bxb5 25. Qxb5 Qd8 26. Rc6 Rb8 27. Nc4 Re6
28. Ne5 Ne7 29. Rxe6 fxe6 30. Nd7 Rc8 31. Nxb6 Rb8 32. Rb1 Nd5 33. Qxa5 Rxb6
34. Rb5 Qc7 35. g3 h6 36. Kg2 Rc6 37. Qa8+ Kh7 38. Rb8 Rc2 39. h4 h5 40. Rh8+
Kg6 41. Qg8 Nf6 42. Qxe6 Qf7 43. Qd6 Qd5 44. Qxd5 Nxd5 45. Kf1 Ra2 46. Ra8 Kf5
47. Ra5 Ke6 48. Ra6+ Kf7 49. Ra5 Nf6 50. Ke1 Kg6 51. Rg5+ Kh6 52. a5 Ng4 53.
Rf5 Kg6 54. Rg5+ Kf6 55. Rxh5 Nxf2 56. Rg5 g6 57. Kf1 Nd1 58. Re5 Nxe3+ 59. Kg1
Ra1+ 0-1

[Event "2nd League CS-West 2010"]
[Site "?"]
[Date "2010.09.12"]
[Round "?"]
[White "Nenadovic, Ljubisa"]
[Black "Dorontic, Zoran"]
[Result "1-0"]
[WhiteElo "2184"]
[BlackElo "2086"]
[PlyCount "72"]
[EventDate "2010.09.29"]
[SourceDate "2010.09.29"]

1. d4 Nf6 2. c4 g6 3. Nc3 Bg7 4. e4 d6 5. f4 O-O 6. Nf3 Nh5 7. Be2 Bh6 8. g3
Bg4 9. O-O c6 10. Kg2 Qc8 11. Ng1 Bxe2 12. Qxe2 Nf6 13. e5 dxe5 14. fxe5 Ng4
15. d5 Bxc1 16. Raxc1 Nh6 17. Rf4 Nf5 18. Rcf1 e6 19. g4 Nh4+ 20. Kg3 g5 21.
Rf6 cxd5 22. cxd5 Nd7 23. dxe6 Nxf6 24. e7 Re8 25. exf6 Qc7+ 26. Kh3 Ng6 27.
Nd5 Qc5 28. Qe4 Rac8 29. Ne2 h6 30. Nd4 Kh7 31. Nf5 Qc2 32. Qxc2 Rxc2 33. Nd6
Nxe7 34. fxe7 Rxe7 35. Nxe7 Rxb2 36. Rxf7+ Kh8 1-0

[Event "2nd League CS-West 2010"]
[Site "?"]
[Date "2010.09.12"]
[Round "?"]
[White "Sredojevic, Srdjan"]
[Black "Mrsevic, Miroslav"]
[Result "1-0"]
[WhiteElo "2177"]
[BlackElo "2310"]
[PlyCount "75"]
[EventDate "2010.09.29"]
[SourceDate "2010.09.29"]

1. Nf3 Nf6 2. b3 g6 3. Bb2 Bg7 4. e3 d6 5. d4 O-O 6. Be2 c5 7. Nbd2 Nc6 8. O-O
cxd4 9. Nxd4 d5 10. N2f3 Ne4 11. c4 e6 12. cxd5 exd5 13. Rc1 Bd7 14. Nxc6 Bxc6
15. Bxg7 Kxg7 16. Qd4+ Qf6 17. Rc2 a5 18. Rfc1 Rfb8 19. Bd3 a4 20. b4 a3 21. b5
Qxd4 22. Nxd4 Be8 23. f3 Nf6 24. Rc7 Nd7 25. Bc2 Nb6 26. Bb3 Kf6 27. f4 Bd7 28.
Bxd5 Nxd5 29. Rxd7 Rd8 30. Rxb7 Nxf4 31. Rf1 Rxd4 32. exd4 Kg5 33. h4+ Kg4 34.
Rxf7 Ne2+ 35. Kh2 Kxh4 36. R1f2 Re8 37. b6 Kg5 38. b7 1-0

[Event "2nd League CS-West 2010"]
[Site "?"]
[Date "2010.09.12"]
[Round "?"]
[White "Kahrovic, Mersid"]
[Black "Bojanic, Bratislav"]
[Result "1-0"]
[WhiteElo "2275"]
[BlackElo "2235"]
[PlyCount "84"]
[EventDate "2010.09.29"]
[SourceDate "2010.09.29"]

1. e4 e5 2. Nf3 Nc6 3. Bc4 Nf6 4. Qe2 Be7 5. d3 O-O 6. c3 d6 7. Bg5 Na5 8. Nbd2
Nxc4 9. Nxc4 c6 10. h3 b5 11. Ne3 Nh5 12. Bxe7 Qxe7 13. g3 g6 14. a4 f5 15.
exf5 e4 16. Nd4 exd3 17. Qxd3 Bxf5 18. Nxc6 Qd7 19. Qd5+ Be6 20. Qxb5 a6 21.
Qb6 Rfc8 22. Nb4 a5 23. Nd3 Bxh3 24. Qd4 Be6 25. g4 Ng7 26. Nd5 Bxd5 27. Qxd5+
Kh8 28. f3 Re8+ 29. Kd2 Ne6 30. Rae1 Rab8 31. Re4 Nc7 32. Qd4+ Kg8 33. Rhe1 d5
34. Re5 Rxe5 35. Rxe5 Re8 36. g5 Rxe5 37. Nxe5 Qf5 38. Qe3 d4 39. cxd4 Nd5 40.
Qb3 Qxg5+ 41. Ke2 Qd8 42. Kd3 Kg7 1-0

[Event "2nd League CS-West 2010"]
[Site "?"]
[Date "2010.09.12"]
[Round "?"]
[White "Brajovic, Miroljub"]
[Black "Ivanovic, Dragoslav"]
[Result "1-0"]
[WhiteElo "2139"]
[BlackElo "2132"]
[PlyCount "73"]
[EventDate "2010.09.29"]
[SourceDate "2010.09.29"]

1. e4 c5 2. c3 e6 3. d4 cxd4 4. cxd4 Bb4+ 5. Nc3 Nf6 6. Bd3 Nc6 7. Nf3 d5 8. e5
Ne4 9. Bd2 Nxd2 10. Qxd2 a6 11. O-O Bd7 12. Rac1 O-O 13. Bb1 Re8 14. a3 Bf8 15.
h4 g6 16. h5 Na5 17. Qf4 Nc4 18. Nd1 Bg7 19. Ne3 Rf8 20. Ng4 f6 21. exf6 Rxf6
22. Nxf6+ Qxf6 23. Qxf6 Bxf6 24. hxg6 hxg6 25. Bxg6 Kg7 26. Bb1 Bc6 27. Rfe1
Re8 28. Re2 Bb5 29. Rec2 Re7 30. Rc3 Nxb2 31. g4 Kf7 32. g5 Bg7 33. g6+ Kg8 34.
Rc8+ Bf8 35. Ng5 Nc4 36. Nh7 Be8 37. Nf6+ 1-0

[Event "2nd League CS-West 2010"]
[Site "?"]
[Date "2010.09.12"]
[Round "1"]
[White "Jovanovic, Nenad R"]
[Black "Dolovic, Dusko"]
[Result "1-0"]
[WhiteElo "2357"]
[BlackElo "2222"]
[PlyCount "82"]
[EventDate "2010.09.29"]
[SourceDate "2010.09.29"]

1. Nf3 Nf6 2. b3 d6 3. d4 Bg4 4. Bb2 Bxf3 5. exf3 g6 6. g3 Bg7 7. f4 Nbd7 8.
Bg2 c6 9. O-O O-O 10. c4 Qc7 11. Re1 Rfe8 12. Nc3 Rad8 13. d5 e6 14. Qd2 exd5
15. cxd5 c5 16. Re3 Qb8 17. Rae1 a6 18. a4 Ng4 19. Re7 Bf6 20. Rxe8+ Rxe8 21.
Bh3 h5 22. Kg2 Bd4 23. Re4 f5 24. Bxg4 hxg4 25. Rxd4 cxd4 26. Qxd4 Kf7 27. Nb1
Rg8 28. Nd2 b5 29. a5 Qc7 30. b4 Qb8 31. h3 gxh3+ 32. Kxh3 g5 33. Kg2 g4 34.
Qd3 Kg6 35. f3 Nf6 36. Bxf6 Kxf6 37. fxg4 Rxg4 38. Qc3+ Kf7 39. Nf3 Qe8 40.
Ng5+ Kg6 41. Ne6 Qf7 1-0

[Event "2nd League CS-West 2010"]
[Site "?"]
[Date "2010.09.12"]
[Round "1"]
[White "Marcetic, Predrag"]
[Black "Vencl, Radivoje"]
[Result "1/2-1/2"]
[WhiteElo "2207"]
[BlackElo "2308"]
[PlyCount "108"]
[EventDate "2010.09.29"]
[SourceDate "2010.09.29"]

1. d4 d5 2. c4 c6 3. Nc3 Nf6 4. Nf3 Bf5 5. Qb3 Qb6 6. c5 Qc7 7. Bf4 Qc8 8. Qa4
Nbd7 9. b4 Ne4 10. Qb3 Nxc3 11. Qxc3 e6 12. a4 Be7 13. e3 O-O 14. Be2 b6 15.
Ne5 a5 16. Nxd7 Qxd7 17. b5 bxc5 18. dxc5 f6 19. b6 e5 20. Bg3 Rfd8 21. Rd1 Qe8
22. f4 e4 23. O-O Rd7 24. Rb1 Qf8 25. Rfc1 Qb8 26. Qd4 Rb7 27. h3 Qf8 28. Be1
Bc8 29. g4 h5 30. Kg2 Qf7 31. Bg3 f5 32. g5 g6 33. Be1 Bf8 34. Qf6 Be6 35. Bc3
Bg7 36. Qxg7+ Qxg7 37. Bxg7 Kxg7 38. Kf2 Kf7 39. Ke1 Bc8 40. Kd2 Rd7 41. b7
Bxb7 42. Kc3 Bc8 43. Rb6 Rc7 44. Kd4 Raa7 45. h4 Bb7 46. Rcb1 Re7 47. Bd1 Rc7
48. Bb3 Rd7 49. Ba2 Rc7 50. Bb3 Rd7 51. Bd1 Rc7 52. Be2 Rd7 53. Ke5 Re7+ 54.
Kd4 Rd7 1/2-1/2

[Event "2nd League CS-West 2010"]
[Site "?"]
[Date "2010.09.12"]
[Round "1"]
[White "Lukic, Dragan M"]
[Black "Bezarevic, Branko"]
[Result "1-0"]
[WhiteElo "2283"]
[BlackElo "2214"]
[PlyCount "59"]
[EventDate "2010.09.29"]
[SourceDate "2010.09.29"]

1. e4 c5 2. Nf3 e6 3. d4 cxd4 4. Nxd4 Nc6 5. Nc3 Qc7 6. Be3 a6 7. f4 d6 8. Qf3
b5 9. Bd3 Bb7 10. O-O Nf6 11. a3 Be7 12. Rae1 O-O 13. Qg3 Nh5 14. Qh3 Nxd4 15.
Qxh5 e5 16. f5 Qd8 17. Nd5 Bxd5 18. exd5 Bf6 19. Qd1 b4 20. axb4 h6 21. Qg4 Kh7
22. c3 Nb5 23. Rf3 e4 24. Bxe4 Re8 25. Rh3 Rb8 26. Rf1 Rb7 27. Rff3 Rbe7 28.
Rxh6+ gxh6 29. Rh3 Bg5 30. Qxg5 1-0

[Event "2nd League CS-West 2010"]
[Site "?"]
[Date "2010.09.12"]
[Round "1"]
[White "Nikolajevic, Branislav"]
[Black "Djokovic, Nebojsa"]
[Result "1/2-1/2"]
[WhiteElo "2166"]
[BlackElo "2153"]
[PlyCount "26"]
[EventDate "2010.09.29"]
[SourceDate "2010.09.29"]

1. e4 e5 2. Nf3 Nc6 3. Bc4 Be7 4. Nc3 Nf6 5. d4 d6 6. dxe5 Nxe5 7. Nxe5 dxe5 8.
Qxd8+ Bxd8 9. Bg5 c6 10. O-O-O h6 11. Bh4 g5 12. Bg3 Bc7 13. f3 Ke7 1/2-1/2

[Event "2nd League CS-West 2010"]
[Site "?"]
[Date "2010.09.12"]
[Round "1"]
[White "Pavlovic, Dejan S"]
[Black "Irizanin, Radoje"]
[Result "1-0"]
[WhiteElo "2422"]
[BlackElo "2328"]
[PlyCount "64"]
[EventDate "2010.09.29"]
[SourceDate "2010.09.29"]

1. e4 Nf6 2. e5 Nd5 3. d4 d6 4. Nf3 dxe5 5. Nxe5 c6 6. Be2 Nd7 7. Nf3 N7f6 8.
O-O Bf5 9. Nh4 Bg6 10. c4 Nb6 11. Nc3 e6 12. g3 Be7 13. Be3 O-O 14. Nxg6 hxg6
15. Qb3 Qc8 16. Rac1 c5 17. Rfd1 Rd8 18. d5 e5 19. Nb5 Rd6 20. Nxd6 Bxd6 21. a4
Nbd7 22. a5 e4 23. Kg2 Ne5 24. Qc2 Qf5 25. b4 Nfd7 26. bxc5 Nxc5 27. Rb1 Nf3
28. Qc3 Be5 29. Qa3 Nd7 30. h3 Nf6 31. Rxb7 Nh5 32. Qe7 Rf8 1-0

[Event "2nd League CS-West 2010"]
[Site "?"]
[Date "2010.09.12"]
[Round "1"]
[White "Gavrilovic, Leonardo"]
[Black "Milosevic, Zoran"]
[Result "1-0"]
[WhiteElo "2247"]
[BlackElo "2281"]
[PlyCount "101"]
[EventDate "2010.09.29"]
[SourceDate "2010.09.29"]

1. e4 c5 2. Nf3 e6 3. Nc3 a6 4. d4 cxd4 5. Qxd4 d6 6. Bg5 Nc6 7. Qd2 Nf6 8. Bd3
Be7 9. O-O O-O 10. h3 b5 11. a4 b4 12. Ne2 Bb7 13. Rfe1 Qa5 14. Nc1 Rfd8 15.
Nb3 Qc7 16. a5 Rab8 17. Qe2 Ne5 18. Rac1 Nxd3 19. cxd3 Qd7 20. Nbd2 d5 21. e5
Ne8 22. Bxe7 Qxe7 23. d4 Rdc8 24. Nb3 Rxc1 25. Rxc1 Rc8 26. Rc5 Qd7 27. Qc2 h6
28. Rxc8 Qxc8 29. Qc5 Bc6 30. Ne1 Qd7 31. Nd3 Bb5 32. Nxb4 Bc4 33. Nd2 Bb5 34.
Qb6 Qc8 35. Qc5 Qd8 36. Nc6 Qg5 37. Nf3 Qf4 38. Na7 Ba4 39. Qc8 Kf8 40. Qc5+
Kg8 41. Nc8 g5 42. Nd6 Ng7 43. Qc3 g4 44. hxg4 Qxg4 45. b3 Bd7 46. Qc7 Be8 47.
Qe7 Bc6 48. Qxf7+ Kh7 49. Qc7 Ba8 50. Ne8 Kh8 51. Nf6 1-0

[Event "2nd League CS-West 2010"]
[Site "?"]
[Date "2010.09.12"]
[Round "1"]
[White "Bosiljcic, Zoran"]
[Black "Radosavljevic, Slobodan"]
[Result "0-1"]
[WhiteElo "2164"]
[BlackElo "2221"]
[PlyCount "82"]
[EventDate "2010.09.29"]
[SourceDate "2010.09.29"]

1. e4 e5 2. Nf3 Nc6 3. d4 exd4 4. Nxd4 Bc5 5. Be3 Qf6 6. c3 Nge7 7. Bc4 d6 8.
O-O Nxd4 9. cxd4 Bb6 10. Nc3 O-O 11. Qd2 h6 12. a4 c6 13. a5 Bc7 14. f4 d5 15.
exd5 Rd8 16. dxc6 bxc6 17. Ne4 Qg6 18. Bd3 Bf5 19. Nc5 Nd5 20. Bc4 Nf6 21. Nd3
Ne4 22. Qe2 Bg4 23. Qe1 Rab8 24. Ne5 Bxe5 25. fxe5 Be6 26. Bxe6 Qxe6 27. Ra3
Qd5 28. Qe2 Rb5 29. Kh1 Rdb8 30. Qg4 Rxb2 31. Raa1 h5 32. Qf3 Nd2 33. Qxd5 cxd5
34. Bxd2 Rxd2 35. Rac1 Rbb2 36. Rc7 Rxg2 37. Rfxf7 Rxh2+ 38. Kg1 Rbg2+ 39. Kf1
h4 40. e6 h3 41. Rc8+ Kh7 0-1

[Event "2nd League CS-West 2010"]
[Site "?"]
[Date "2010.09.12"]
[Round "1"]
[White "Roljevic, Djordje"]
[Black "Andric, Zoran"]
[Result "0-1"]
[WhiteElo "2086"]
[BlackElo "2246"]
[PlyCount "77"]
[EventDate "2010.09.29"]
[SourceDate "2010.09.29"]

1. d4 Nf6 2. Nf3 e6 3. c4 d5 4. Nc3 c6 5. cxd5 exd5 6. Bg5 Be7 7. e3 Bf5 8. Bd3
Bxd3 9. Qxd3 Nbd7 10. O-O O-O 11. Rab1 a5 12. h3 Re8 13. Bf4 h6 14. Rfc1 Bb4
15. Ne5 Qe7 16. Na4 Nf8 17. Qc2 Ne4 18. a3 Bd6 19. Nd3 Ng6 20. Bxd6 Nxd6 21.
Nac5 Qg5 22. Kh1 Re7 23. Qd1 h5 24. Rc3 Rae8 25. b4 Nb5 26. Rcb3 axb4 27. Nxb4
Nh4 28. Qf1 Nxd4 29. exd4 Re1 30. Rg3 Rxf1+ 31. Rxf1 Qd2 32. Rd3 Qe2 33. Kg1
Re7 34. Rb1 Nf5 35. a4 Nd6 36. Rdd1 Ne4 37. Nxe4 Rxe4 38. a5 Rf4 39. f3 0-1

[Event "2nd League CS-West 2010"]
[Site "?"]
[Date "????.??.12"]
[Round "?"]
[White "Pecinar, Zoran"]
[Black "Andjelic, Stevan"]
[Result "1-0"]
[WhiteElo "2166"]
[BlackElo "2109"]
[PlyCount "87"]
[EventDate "2010.09.29"]
[SourceDate "2010.09.29"]

1. c4 e6 2. Nf3 Nf6 3. g3 d5 4. Bg2 c6 5. O-O Bd6 6. b3 O-O 7. Bb2 Nbd7 8. d4
Re8 9. Nbd2 b6 10. Qc2 Bb7 11. Ne5 Rc8 12. Nxd7 Qxd7 13. e4 dxe4 14. Nxe4 Nxe4
15. Bxe4 h6 16. Rfd1 Qe7 17. Rd3 c5 18. Bxb7 Qxb7 19. dxc5 Bxc5 20. Rad1 Be7
21. Rd7 Rc7 22. Qd3 Rxd7 23. Qxd7 Qa8 24. Qc7 Qf3 25. Rf1 Bc5 26. Qd7 Re7 27.
Qd2 a5 28. Qc3 Qxc3 29. Bxc3 Rd7 30. Rc1 Rd3 31. Kf1 f6 32. Ke2 Rd7 33. Rb1 Ra7
34. Rd1 Kf7 35. Rd8 Ke7 36. Rg8 Kf7 37. Rb8 Ke7 38. Bd2 Kd7 39. Be3 Kd6 40. Rc8
Rc7 41. Re8 Re7 42. Rg8 Rd7 43. Bc1 Bb4 44. Be3 1-0

[Event "2nd League CS-West 2010"]
[Site "?"]
[Date "2010.09.12"]
[Round "1"]
[White "Ilic, Dragan M"]
[Black "Ilic, Zdravko"]
[Result "1-0"]
[WhiteElo "2367"]
[BlackElo "2195"]
[PlyCount "84"]
[EventDate "2010.09.29"]
[SourceDate "2010.09.29"]

1. d4 d6 2. Nf3 c6 3. c4 Nf6 4. Nc3 Nbd7 5. e4 e5 6. Be2 Be7 7. O-O O-O 8. Qc2
Qc7 9. Rd1 Re8 10. Bg5 Nf8 11. c5 dxc5 12. d5 Bg4 13. Qd2 Rad8 14. Qe3 Bxf3 15.
Bxf3 Ng6 16. Rac1 Qa5 17. g3 h6 18. Bxf6 Bxf6 19. h4 Ne7 20. Bg4 cxd5 21. exd5
c4 22. d6 Nc6 23. d7 Rf8 24. Nd5 Bxh4 25. gxh4 f5 26. Bh5 Qxa2 27. Be8 e4 28.
Qc3 b5 29. Nb4 Nxb4 30. Qxb4 Qa6 31. Rd6 Qb7 32. Rg6 Rxd7 33. Bxd7 Qxd7 34. Qd6
Qf7 35. Kh2 Kh7 36. Rcg1 Rg8 37. h5 f4 38. Qe6 Qxe6 39. Rxe6 Rd8 40. Re7 e3 41.
fxe3 fxe3 42. Rgxg7+ Kh8 1-0

[Event "2nd League CS-West 2010"]
[Site "?"]
[Date "????.??.12"]
[Round "1"]
[White "Ilic, Zoran B"]
[Black "Zivkovic, Vladislav"]
[Result "0-1"]
[WhiteElo "2173"]
[BlackElo "2222"]
[PlyCount "108"]
[EventDate "2010.09.29"]
[SourceDate "2010.09.29"]

1. e4 c6 2. d4 d5 3. e5 Bf5 4. Nf3 e6 5. Be2 c5 6. O-O Nc6 7. Be3 cxd4 8. Nxd4
Nxd4 9. Bxd4 Ne7 10. c4 dxc4 11. Bxc4 Nc6 12. Bb5 Be7 13. Nc3 O-O 14. Bxc6 bxc6
15. Qa4 c5 16. Be3 Qb8 17. Qd7 Re8 18. Rfe1 Qxb2 19. Rac1 c4 20. Nb5 Rad8 21.
Qc6 Rc8 22. Qd7 Red8 23. Qxe7 Qxb5 24. Qxa7 c3 25. a4 Qc6 26. a5 c2 27. Qb6 Qa8
28. a6 Rc6 29. Qa7 Qxa7 30. Bxa7 Rxa6 31. Be3 Ra2 32. f3 Rb2 33. Kf2 h6 34. Ke2
Kh7 35. h4 Rb5 36. Bf4 Rd4 37. g3 g5 38. hxg5 hxg5 39. Bxg5 Rxe5+ 40. Kf2 Rxe1
41. Kxe1 Kg7 42. Be3 Rd8 43. g4 Bd3 44. Kf2 f6 45. Ke1 Bg6 46. Kf2 e5 47. Ke2
Rh8 48. Kf2 Rh2+ 49. Kf1 Bd3+ 50. Kg1 Re2 51. Bf2 Kf7 52. Bc5 Ke6 53. Bb6 Kd5
54. Ba5 Kc4 0-1

[Event "2nd League CS-West 2010"]
[Site "?"]
[Date "2010.09.12"]
[Round "1"]
[White "Rihterovic, Milan"]
[Black "Rikalovic, Milan"]
[Result "1-0"]
[WhiteElo "2242"]
[BlackElo "2098"]
[PlyCount "131"]
[EventDate "2010.09.29"]
[SourceDate "2010.09.29"]

1. d4 d5 2. c4 c6 3. Nf3 Nf6 4. Nc3 e6 5. Bg5 Nbd7 6. e3 Be7 7. Rc1 h6 8. Bh4
O-O 9. Bd3 Re8 10. O-O Nh7 11. Bg3 Bf6 12. Qc2 Nhf8 13. Rfd1 Nb6 14. b3 a6 15.
e4 g6 16. Qd2 Kg7 17. Bf4 g5 18. Bg3 Ng6 19. e5 Be7 20. c5 Nd7 21. Bb1 g4 22.
Bxg6 fxg6 23. Ne1 h5 24. Nd3 Nf8 25. Bf4 g5 26. Be3 Ng6 27. Na4 Rf8 28. Nb6 Rb8
29. Rb1 Rf5 30. b4 Qf8 31. a4 Nf4 32. b5 axb5 33. axb5 Kg6 34. Ra1 Bd8 35. bxc6
Bxb6 36. cxb6 bxc6 37. Bxf4 gxf4 38. Rdb1 f3 39. g3 Qd8 40. Nf4+ Kg7 41. Ra7+
Kg8 42. Qb4 h4 43. Qd6 Qxd6 44. exd6 Rf7 45. Rc7 hxg3 46. hxg3 Ba6 47. Nxe6
Rxc7 48. Nxc7 Bc8 49. Kf1 Bf5 50. Rb2 Kf7 51. b7 Bd3+ 52. Ke1 Bb5 53. Nxd5 Rxb7
54. Nc3 Ke6 55. Kd2 Kxd6 56. Ke3 Ba6 57. Ne4+ Ke7 58. Rxb7+ Bxb7 59. Kf4 Bc8
60. Ke5 Be6 61. Nd6 Kd7 62. Nf5 Bc4 63. Kf6 Bd3 64. Ne3 Kd6 65. Kg5 Be2 66.
Kxg4 1-0

[Event "2nd League CS-West 2010"]
[Site "?"]
[Date "2010.09.12"]
[Round "1"]
[White "Savic, Petar"]
[Black "Milosevic, Slavisa"]
[Result "0-1"]
[WhiteElo "2054"]
[BlackElo "2280"]
[PlyCount "50"]
[EventDate "2010.09.29"]
[SourceDate "2010.09.29"]

1. e4 c5 2. Nf3 e6 3. d4 cxd4 4. Nxd4 Bc5 5. Nb3 Bb6 6. Bd3 Ne7 7. O-O Nbc6 8.
c4 d6 9. Nc3 O-O 10. Bf4 Ng6 11. Bd2 Nce5 12. Be2 Bd7 13. Nb5 Bxb5 14. cxb5 Qh4
15. Qb1 f5 16. exf5 Rxf5 17. Be3 Nf4 18. Bxf4 Qxf4 19. g3 Bxf2+ 20. Kg2 Qe3 21.
Qc2 Raf8 22. Rad1 Bxg3 23. Rxf5 Rxf5 24. hxg3 Rf2+ 25. Kh1 Qh6+ 0-1

[Event "2nd League CS-West 2010"]
[Site "?"]
[Date "2010.09.12"]
[Round "1"]
[White "Gosic, Bogdan"]
[Black "Rikalovic, Dimitrije"]
[Result "1-0"]
[WhiteElo "2316"]
[BlackElo "1955"]
[PlyCount "43"]
[EventDate "2010.09.29"]
[SourceDate "2010.09.29"]

1. d4 Nf6 2. Nf3 g6 3. g3 Bg7 4. Bg2 O-O 5. O-O d5 6. c4 c6 7. Ne5 Ng4 8. Nxg4
Bxg4 9. h3 Bc8 10. cxd5 cxd5 11. Nc3 e6 12. e3 Bd7 13. Bd2 Bc6 14. b4 b5 15. a4
bxa4 16. b5 Be8 17. e4 e5 18. Qxa4 a6 19. Rfb1 Qb6 20. Nxd5 Qxd4 21. Qxd4 exd4
22. e5 1-0